Statistics for Dream SMP Quotes Quiz

Click here to take the quiz!

General Stats

  • This quiz has been taken 1,292 times
  • The average score is 17 of 32

Answer Stats

HintAnswer% Correct
"Blood for the Blood God!"Technoblade
98%
"YOU LET ME DIE, SAM, YOU LET ME DIE!"TommyInnit
86%
"As long as I can’t be the next Schlatt, you can’t be the next Wilbur."Tubbo_
83%
"You’re an idiot Tubbo, you’re not a president, Quackity is more of a president than you, I'M more of a president than you."Dream
81%
"Thank you for coming everybody... Prepare to die!"BadBoyHalo
79%
"I'm gonna come here every single, F*CKING day to make your life H*LL..."Quackity
79%
"Look at my son! Tearing down the walls I built to keep him safe!"WilburSoot
79%
"Dream. If you break out of this prison, its gonna be, its gonna be- me who takes your final life..."Sapnap
77%
"PUT ME IN THE PRISON, SAM!"Ranboo
76%
"Dream you didn't protect me."GeorgeNotFound
75%
"Bad, we are going to rule this world. We are the most powerful people on this server."Skeppy
74%
"Down with the revolution, boys! It was never meant to be."The_Eret
70%
"I'm sorry, Dream – but you should have paid me more."Punz
69%
"Flatty... Patty"jschlatt
65%
"Today I believe I have made my first mistake as warden..."awesamdude
61%
"Well... I don’t know, Jack. I don’t know... I.. I started baking again."Nihachu
59%
"Puffy, if you could've stopped this if you had stayed with the eggpire...but this is your fault."Antfrost
56%
"You've taken my kindness for weakness Antfrost!"CaptainPuffy
53%
"You think you can fool me? You think you can fool my brothers? No. Foolish, The Egg wants blood. The Egg will get blood, okay?-"Ponk
47%
"Everything is foolish, one way or another."FoolishG
46%
"Bad, to be frank with you, Quackity just had the better price."Purpled
46%
"Don't forget who you are."KarlJacobs
45%
"Since I was forced to kill my own son, YOU IDIOT!"Ph1LzA
44%
"I'm sorry Puffy...I had to do it. I had to tell them ....It was the only way."Hannahxxrose
24%
"Do you think I'm ugly now that I have no brim?"Callahan
20%
"I would never do anything icky!"Slimecicle
18%
"How do I build a house?"ConnorEatsPants
17%
"Little green boy!"ItsFundy
15%
"Bad deeds cause bad people to do bad things."HBomb94
9%
"I have time and time again. Time and time again had everyone I thought was my friend be the reason I lost every single thing I own."JackManifoldTV

7%
"Imma fuck this place up real good."Michaelmcchill
5%
"GET OFF ME LAWN!"LazarCodeLazar
2%

Score Distribution

Percentile by Number Answered

Percent of People with Each Score

Your Score History

You have not taken this quiz